Car parking: what works where (Record no. 105754)

MARC details
000 -LEADER
fixed length control field 01139cam a2200229 4500
001 - CONTROL NUMBER
control field ##L134640
008 - FIXED-LENGTH DATA ELEMENTS--GENERAL INFORMATION
fixed length control field 060822n2006 000 0 eng u
020 ## - INTERNATIONAL STANDARD BOOK NUMBER
International Standard Book Number 0955088518
035 ## - SYSTEM CONTROL NUMBER
System control number (Sirsi) u134640
041 0# - LANGUAGE CODE
Language code of text/sound track or separate title eng
050 04 - LIBRARY OF CONGRESS CALL NUMBER
Classification number 711.73 $2 18
110 2# - MAIN ENTRY--CORPORATE NAME
Corporate name or jurisdiction name as entry element English Partnerships
9 (RLIN) 1764
245 00 - TITLE STATEMENT
Title Car parking: what works where
260 ## - PUBLICATION, DISTRIBUTION, ETC.
Place of publication, distribution, etc. London
Name of publisher, distributor, etc. English Partnerships
Place of publication, distribution, etc. London
Name of publisher, distributor, etc. Design for Homes
Date of publication, distribution, etc. 2006
300 ## - PHYSICAL DESCRIPTION
Extent 133p.
Other physical details ill.
Dimensions 30cm.
520 ## - SUMMARY, ETC.
Summary, etc. Examines current approaches to car parking and assesses their success in terms of safety, quality and adequacy of provision. Includes a discussion of car ownership levels, allocation of parking and parking efficiency, and also looks at recent innovations such as mechanized parking, homezones and car clubs. Includes a fold-out section which identifies which solutions work best in a central, urban or suburban environment and critical commentaries on 24 case studies.
590 ## - LOCAL NOTE (RLIN)
Local note IKA220806
651 ## - SUBJECT ADDED ENTRY--GEOGRAPHIC NAME
Geographic name United Kingdom
Chronological subdivision
690 ## - LOCAL SUBJECT ADDED ENTRY--TOPICAL TERM (OCLC, RLIN)
Topical term or geographic name as entry element PROPERTY-INFRASTRUCTURE-ROAD INFRASTRUCTURE-ROAD TRANSPORT FACILITIES
700 1# - ADDED ENTRY--PERSONAL NAME
Personal name McGeough, Kevin
Relator term executive editor
942 ## - ADDED ENTRY ELEMENTS (KOHA)
Suppress in OPAC 0
Holdings
Withdrawn status Lost status Source of classification or shelving scheme Damaged status Not for loan Home library Current library Shelving location Date acquired Total Checkouts Full call number Barcode Date last seen Copy number Price effective from Koha item type
    Dewey Decimal Classification     London London Folio 22/08/2006   711.73 ENG 30072457 06/08/2019 1 06/08/2019 Book